Escudos de Clubes Brasileiros de Futebol #1 - Statistics

Estatísticas Gerais
  • Esse quiz foi jogado 86 vezes
  • A pontuação média é 4 de 20
Estatísticas das Respostas
Imagem Resposta % Correto
Monsoon
70%
Marau
49%
Riograndense
49%
Pelotas
41%
Sampaio Corrêa-RJ
19%
Ypiranga-RS
19%
América de Propriá
16%
São Paulo-RS
16%
São Raimundo-RR
16%
Santa Cruz-RN
14%
Garibaldi
13%
São Francisco-AC
10%
GA Farroupilha
9%
Guarani VA
6%
Tupi-RS
6%
Sapucaiense
4%
Alecrim FC
0%
GE Bagé
0%
Guarany de Bagé
0%
Rio Branco-AC
0%
Nenhum quiz correspondente encontrado
Distribuição das Pontuações
Porcentagem de Pessoas com Cada Pontuação
Percentil de Números Respondidos
Sua Pontuação Histórica
Você não jogou esse quiz